|
|
|
|
| LEADER |
00671cam a2200205 7i4500 |
| 001 |
0000012185 |
| 005 |
20090211090000.0 |
| 008 |
070226 bm |
| 020 |
|
|
|a 9789832087496
|
| 020 |
|
|
|a 983208749X (pbk.)
|
| 050 |
0 |
0 |
|a BP166.73 QAR 2001
|
| 090 |
0 |
0 |
|a BP166.73
|b .Q77 2001
|
| 100 |
1 |
|
|a Qardhawi, Yusuf Ahmad,
|c Prof Dr
|
| 245 |
1 |
0 |
|a Roh ibadah :
|b hakikat dan hikmahnya
|c Dr.Yusuf Qardhawi.
|
| 260 |
|
|
|a Kuala Lumpur:
|b Jasmin Enterprise,
|c 2001.
|
| 300 |
|
|
|a vii, 194 p.;
|c 21 cm.
|
| 650 |
0 |
0 |
|a Faith (Islam)
|
| 650 |
0 |
0 |
|a Religious life --
|x Islam
|
| 650 |
0 |
0 |
|a Islam --
|x Doctrines
|
| 999 |
|
|
|a 0000014362
|b BOK
|c OPEN SHELF
|e 1st Floor, Bestari Jaya
|